Success and failure of IS/IT projects : (Record no. 23270)
[ view plain ]
| 000 -LEADER | |
|---|---|
| fixed length control field | 01130nam a22003255a 4500 |
| 008 - FIXED-LENGTH DATA ELEMENTS--GENERAL INFORMATION | |
| fixed length control field | 161122t2016 xxu||||fr|||| 001 0 eng d |
| 020 ## - INTERNATIONAL STANDARD BOOK NUMBER | |
| International Standard Book Number | 9783319229997 |
| 040 ## - CATALOGING SOURCE | |
| Original cataloging agency | EG-ScBUE |
| Language of cataloging | eng |
| Transcribing agency | EG-ScBUE |
| 082 04 - DEWEY DECIMAL CLASSIFICATION NUMBER | |
| Edition number | 22 |
| Classification number | 658.4038 |
| Item number | HUG |
| 100 1# - MAIN ENTRY--PERSONAL NAME | |
| Personal name | Hughes, D. Laurie |
| 245 10 - TITLE STATEMENT | |
| Title | Success and failure of IS/IT projects : |
| Remainder of title | A state of the art analysis and future directions / |
| Statement of responsibility, etc | D. Laurie Hughes... [et al.] |
| 260 ## - PUBLICATION, DISTRIBUTION, ETC. (IMPRINT) | |
| Place of publication, distribution, etc | Cham : |
| Name of publisher, distributor, etc | Springer, |
| Date of publication, distribution, etc | 2016. |
| 300 ## - PHYSICAL DESCRIPTION | |
| Extent | xiv, 89 p. ; |
| Dimensions | 22 cm. |
| 490 #0 - Series Statement | |
| Series statement | pringer briefs in information systems |
| 500 ## - GENERAL NOTE | |
| General note | Index : p. 89.<br/> |
| 504 ## - BIBLIOGRAPHY, ETC. NOTE | |
| Bibliography, etc | Bibliography : p. 81-88.<br/> |
| 590 ## - LOCAL NOTE (RLIN) | |
| Local note | Suzan Ashmawy<br/> |
| 650 #7 - SUBJECT ADDED ENTRY--TOPICAL TERM | |
| Source of heading or term | BUEsh |
| Topical term or geographic name as entry element | Risk management |
| 650 #7 - SUBJECT ADDED ENTRY--TOPICAL TERM | |
| Source of heading or term | BUEsh |
| Topical term or geographic name as entry element | Information resources management |
| 9 (RLIN) | 13875 |
| 650 #7 - SUBJECT ADDED ENTRY--TOPICAL TERM | |
| Source of heading or term | BUEsh |
| Topical term or geographic name as entry element | Information technology |
| 650 #7 - SUBJECT ADDED ENTRY--TOPICAL TERM | |
| Source of heading or term | BUEsh |
| Topical term or geographic name as entry element | Project management |
| 650 #7 - SUBJECT ADDED ENTRY--TOPICAL TERM | |
| Source of heading or term | BUEsh |
| Topical term or geographic name as entry element | Management information systems |
| 650 #7 - SUBJECT ADDED ENTRY--TOPICAL TERM | |
| Source of heading or term | BUEsh |
| Topical term or geographic name as entry element | Industrial management |
| 651 ## - SUBJECT ADDED ENTRY--GEOGRAPHIC NAME | |
| Source of heading or term | BUEsh |
| 653 ## - INDEX TERM--UNCONTROLLED | |
| Resource For college | Informatics and Computer Science |
| Arrived date list | November2016 |
| 700 1# - ADDED ENTRY--PERSONAL NAME | |
| Personal name | Dwivedi, Yogesh K, |
| Relator term | author. |
| 700 1# - ADDED ENTRY--PERSONAL NAME | |
| Personal name | Simintiras, Antonis C., |
| Relator term | author |
| 700 1# - ADDED ENTRY--PERSONAL NAME | |
| Personal name | Rana, Nripendra P., |
| Relator term | author |
| 942 ## - ADDED ENTRY ELEMENTS (KOHA) | |
| Source of classification or shelving scheme | Dewey Decimal Classification |
| Withdrawn status | Item status | Source of classification or shelving scheme | Damaged status | Not for loan | Vendor | Home library | Current library | Shelving location | Date acquired | Source of acquisition | Cost, normal purchase price | Serial Enumeration / chronology | Total Checkouts | Full call number | Barcode | Date last seen | Cost, replacement price | Koha item type |
|---|---|---|---|---|---|---|---|---|---|---|---|---|---|---|---|---|---|---|
| Dewey Decimal Classification | Baccah | Central Library | Central Library | First floor | 22/11/2016 | Purchase | 575.00 | 25137 | 658.4038 HUG | 000045032 | 15/07/2025 | 718.75 | Book - Borrowing |